[Event "Challenge"]
[Site "http://www.queenalice.com/game.php?id=1543664"]
[Date "2018.9.26"]
[Round "-"]
[White "rsgaspar"]
[Black "dnptrs"]
[Result "0-1"]
[WhiteElo "2455"]
[BlackElo "2242"]

1. e4 c5 2. Nf3 e6 3. d4 cxd4 4. Nxd4 Nf6 5. Nc3 d6 6. Be2 Be7 7. O-O O-O 8. Be3
a6 9. a3 Nc6 10. f4 Qc7 0-1

[Event "AUTO-MASTER-2767"]
[Site "http://www.queenalice.com/game.php?id=1550807"]
[Date "2018.11.26"]
[Round "2"]
[White "dnptrs"]
[Black "ciottoli"]
[Result "1-0"]
[WhiteElo "2294"]
[BlackElo "2362"]

1. d4 Nf6 2. Nf3 d5 3. g3 c5 4. Bg2 cxd4 5. Nxd4 e5 6. Nb3 a5 7. O-O a4 8. N3d2
Nc6 9. c4 d4 10. b3 h5 11. bxa4 h4 12. Ne4 Nxe4 13. Bxe4 f5 14. Bg2 e4 15. Na3
Bc5 16. Nb5 h3 17. Bh1 O-O 18. e3 d3 19. Bd2 Be6 20. Qh5 Rxa4 21. f3 Rxc4 22.
Qxh3 Rc2 23. Qg2 Qc7 24. Nxc7 1-0

[Event "AUTO-MASTER-2767"]
[Site "http://www.queenalice.com/game.php?id=1550808"]
[Date "2018.11.26"]
[Round "2"]
[White "ciottoli"]
[Black "dnptrs"]
[Result "1-0"]
[WhiteElo "2348"]
[BlackElo "2308"]

1. d4 Nf6 2. c4 e6 3. Nf3 d5 4. Nc3 Be7 5. Bf4 O-O 6. e3 c6 7. Bd3 Nh5 8. Qc2
Nxf4 9. Bxh7+ Kh8 10. exf4 Bd6 11. Ng5 Bxf4 12. Bg8 f5 13. Nf7+ Rxf7 14. Bxf7
dxc4 15. Ne2 Bh6 16. Qxc4 Qf6 17. Bh5 Qg5 18. Bf3 Qd2+ 19. Kf1 Na6 20. Qc3 Qg5
21. h4 Qe7 22. g3 Bd7 23. Kg2 Nc7 24. Rad1 Re8 25. Nc1 Nd5 26. Bxd5 1-0

[Event "AUTO-MASTER-2767"]
[Site "http://www.queenalice.com/game.php?id=1550809"]
[Date "2018.11.26"]
[Round "2"]
[White "dnptrs"]
[Black "CCapivara"]
[Result "0-1"]
[WhiteElo "2309"]
[BlackElo "2211"]

1. d4 d6 2. Nf3 Nf6 3. c4 c6 4. g3 Bg4 5. Bg2 Nbd7 6. O-O e5 7. Nc3 Be7 8. Qb3
Qc7 9. d5 cxd5 10. cxd5 O-O 11. h3 Bh5 12. g4 Bg6 13. Nh4 a6 14. Be3 Rac8 15.
Qd1 b5 16. Nxg6 hxg6 17. a3 Nb6 18. Bxb6 Qxb6 19. Rc1 Nd7 20. Ne4 f5 21. Ng3 Bh4
22. Kh2 Bxg3+ 23. Kxg3 Rc5 24. Rxc5 Qxc5 25. Qb3 e4 26. Rd1 Rc8 27. Rd2 Ne5 28.
f4 exf3 29. exf3 Nc4 30. Rd1 Re8 31. Qc2 Re5 32. f4 Qe3+ 33. Bf3 Re4 34. Qc1 Kf7
35. Qxe3 Rxe3 36. Rc1 Nd2 37. Rc7+ Kf8 38. Rc8+ Ke7 39. Rc7+ Kd8 40. Rc3 Rxc3
41. bxc3 Nb1 42. gxf5 Ke7 43. Kf2 gxf5 44. c4 bxc4 45. a4 c3 0-1

[Event "AUTO-MASTER-2767"]
[Site "http://www.queenalice.com/game.php?id=1550810"]
[Date "2018.11.26"]
[Round "2"]
[White "CCapivara"]
[Black "dnptrs"]
[Result "0-1"]
[WhiteElo "2238"]
[BlackElo "2299"]

1. e4 c5 2. Nf3 e6 3. d4 cxd4 4. Nxd4 Nf6 5. Nc3 d6 6. Be2 Be7 7. Be3 O-O 8. O-O
Nc6 9. Nb3 Qc7 10. f4 a6 11. g4 b5 12. g5 Ne8 13. Bd3 b4 14. Ne2 f5 15. Ng3 fxe4
16. Bxe4 d5 17. Bd3 Bd6 18. Qh5 g6 19. Qh4 a5 20. Rac1 a4 21. Na1 a3 22. b3 d4
23. Bd2 Ne7 24. Ne4 Bb7 25. Rce1 Nd5 26. Nxd6 Qxd6 27. Re5 Nc3 28. Rfe1 Qc6 29.
Be4 Nxe4 30. R1xe4 Nd6 31. Rxe6 Rae8 32. Rxe8 Nxe8 33. Re2 Qh1+ 34. Kf2 Qg2+ 0-1

[Event "AUTO-OPEN-3968"]
[Site "http://www.queenalice.com/game.php?id=1551871"]
[Date "2018.12.4"]
[Round "2"]
[White "dnptrs"]
[Black "chessman"]
[Result "1/2-1/2"]
[WhiteElo "2297"]
[BlackElo "1959"]

1. d4 d5 2. Nf3 Nf6 3. g3 e6 4. Bg2 Bd6 5. O-O c5 6. b3 cxd4 7. Nxd4 O-O 8. Bb2
a6 9. c4 dxc4 10. bxc4 Qc7 11. Na3 Rd8 12. Qc2 Bxa3 13. Nxe6 Bxe6 14. Bxa3 Nc6
15. Rfd1 h6 16. c5 Bd5 17. e4 Be6 18. f4 Rxd1+ 19. Rxd1 Rd8 20. f5 Rxd1+ 21.
Qxd1 Bc8 22. Bb2 Qe7 23. Qc2 Ne5 24. Qc3 Ned7 25. e5 Ne8 26. c6 bxc6 27. Bxc6
Nf8 28. g4 Bd7 29. Bd5 Qh4 30. h3 Qg5 31. Bc1 Qh4 32. Bc4 Bb5 33. Bb3 Qd8 34.
Bb2 1/2-1/2

[Event "AUTO-OPEN-3968"]
[Site "http://www.queenalice.com/game.php?id=1551872"]
[Date "2018.12.4"]
[Round "2"]
[White "chessman"]
[Black "dnptrs"]
[Result "0-1"]
[WhiteElo "1993"]
[BlackElo "2287"]

1. e4 c5 2. Nf3 e6 3. d4 cxd4 4. Nxd4 Nf6 5. Nc3 d6 6. Be2 Be7 7. O-O O-O 8. h3
a6 9. a4 Qc7 10. Be3 Bd7 11. Qd2 Nc6 12. Rfd1 Nxd4 13. Bxd4 e5 14. Be3 Bc6 15.
f3 Rad8 16. Bg5 h6 17. Bxf6 Bxf6 18. b3 Bg5 19. Qd3 Qc8 20. Qc4 Kh8 21. Nd5 b5
22. axb5 axb5 23. Qd3 Bxd5 24. exd5 b4 25. Qc4 Be3+ 26. Kh1 Bd4 27. Bd3 Qxc4 28.
Bxc4 Bxa1 29. Rxa1 Ra8 30. Rc1 Ra5 31. c3 bxc3 32. Rxc3 Rc8 33. Re3 Ra2 34. Re1
Rca8 0-1

[Event "AUTO-OPEN-3976"]
[Site "http://www.queenalice.com/game.php?id=1556979"]
[Date "2019.1.16"]
[Round "2"]
[White "inda13"]
[Black "dnptrs"]
[Result "1-0"]
[WhiteElo "2285"]
[BlackElo "2247"]

1. d4 Nf6 2. c4 e6 3. Nc3 d5 4. Bg5 Be7 5. Nf3 O-O 6. e3 h6 7. Bh4 c6 8. Bd3
dxc4 9. Bxc4 Nd5 10. Bxe7 Qxe7 11. Rc1 Nd7 12. O-O Rd8 13. Qe2 N5b6 14. Bd3 e5
15. dxe5 Nxe5 16. Nxe5 Qxe5 17. Rfd1 Be6 18. Bb1 Nd5 19. Qc2 Nxc3 20. bxc3 Qf6
21. Rd4 g6 22. Rcd1 Qe7 23. h4 Rxd4 24. Rxd4 Rd8 25. h5 Bf5 26. e4 Be6 27. hxg6
fxg6 28. Qd2 Rxd4 29. cxd4 Kg7 30. Qc3 Kh7 31. a4 Qd6 32. a5 b6 33. axb6 axb6
34. e5 Qd5 35. Qg3 Bf7 36. Qf4 Qe6 37. Be4 Kg7 38. Qg3 b5 39. f4 Qc4 40. Qe3 Be6
41. Kh2 b4 42. Qg3 Bf7 43. f5 Qxd4 44. f6+ Kf8 45. Bxc6 Qc3 46. Bf3 Qe3 47. e6
Bxe6 48. Qd6+ 1-0

[Event "AUTO-OPEN-3976"]
[Site "http://www.queenalice.com/game.php?id=1556980"]
[Date "2019.1.16"]
[Round "2"]
[White "dnptrs"]
[Black "inda13"]
[Result "1/2-1/2"]
[WhiteElo "2272"]
[BlackElo "2270"]

1. d4 Nf6 2. Nf3 g6 3. g3 d5 4. Bg2 Bg7 5. O-O O-O 6. b3 c5 7. Bb2 cxd4 8. Nxd4
Nc6 9. c3 e5 10. Nc2 Be6 11. Nd2 Qc7 12. e4 Rad8 13. Qe2 dxe4 14. Nxe4 Nxe4 15.
Bxe4 Rd7 16. Rfd1 Rfd8 17. Rxd7 Qxd7 18. Ne3 f5 19. Rd1 Qc7 20. Bd5 Bxd5 21.
Nxd5 Qf7 22. c4 Nd4 23. Bxd4 exd4 24. Qd3 Re8 25. Kf1 1/2-1/2

[Event "AUTO-OPEN-3976"]
[Site "http://www.queenalice.com/game.php?id=1556985"]
[Date "2019.1.16"]
[Round "2"]
[White "dnptrs"]
[Black "speedmaxL"]
[Result "1/2-1/2"]
[WhiteElo "2273"]
[BlackElo "2229"]

1. d4 d6 2. e4 g6 3. Bd3 e5 4. dxe5 dxe5 5. Ne2 Bg7 6. O-O Nf6 7. c3 O-O 8. Qc2
b6 9. Bg5 h6 10. Be3 Ng4 11. Bd2 Qe7 12. Na3 Bb7 13. Rad1 Rd8 14. h3 Nf6 15. Be3
Nbd7 16. b4 Nf8 17. Nb1 Ne6 18. a3 Nf4 19. Nxf4 exf4 20. Bxf4 Bxe4 21. Bxe4 Qxe4
22. Qxe4 Nxe4 23. c4 c5 24. b5 Rd4 25. Rxd4 cxd4 26. Rd1 Rc8 27. Nd2 Nxd2 28.
Rxd2 Rxc4 29. Bb8 Ra4 30. Rd3 f5 31. Rb3 Kf7 32. Bd6 Ke6 33. Bb4 Kd5 34. Kf1 Kc4
35. Rb1 d3 36. Ke1 Bc3+ 37. Bxc3 Kxc3 38. Rc1+ Kd4 39. Rc6 Rxa3 40. Rxg6 Ra1+
41. Kd2 Ra2+ 42. Ke1 Re2+ 43. Kd1 Rxf2 44. g4 f4 45. Rxh6 f3 46. Rf6 Rf1+ 47.
Kd2 f2 48. g5 Kc4 49. g6 Rg1 50. Rxf2 Rxg6 51. h4 Kxb5 52. h5 Rh6 53. Rh2 a5 54.
Kxd3 Kc5 55. Rc2+ Kd5 1/2-1/2

[Event "AUTO-OPEN-3976"]
[Site "http://www.queenalice.com/game.php?id=1556986"]
[Date "2019.1.16"]
[Round "2"]
[White "speedmaxL"]
[Black "dnptrs"]
[Result "1-0"]
[WhiteElo "2121"]
[BlackElo "2290"]

1. Nf3 e6 2. g3 d5 3. Bg2 Nf6 4. O-O c5 5. c4 Nc6 6. cxd5 exd5 7. d4 c4 8. Nc3
Bf5 9. Ne5 Be7 10. Nxd5 Nxd5 11. e4 Be6 12. exd5 Bxd5 13. Bxd5 Qxd5 14. Nxc6
Qxc6 15. Re1 f6 16. Qe2 Qd7 17. Qxc4 Rc8 18. Qb3 Rf8 19. d5 Rd8 20. Bd2 Rf7 21.
Bb4 Qxd5 22. Qc2 Qd3 23. Qc5 Qd7 24. Qh5 g6 25. Qh6 b6 26. Bxe7 1-0

[Event "AUTO-OPEN-3975"]
[Site "http://www.queenalice.com/game.php?id=1558209"]
[Date "2019.1.27"]
[Round "2"]
[White "dnptrs"]
[Black "mennecy91"]
[Result "1/2-1/2"]
[WhiteElo "2228"]
[BlackElo "2110"]

1. d4 Nf6 2. Nf3 d6 3. g3 g6 4. Bg2 Bg7 5. O-O O-O 6. c4 Nc6 7. Nc3 a6 8. Bf4
Rb8 9. a4 Na5 10. b3 Bf5 11. Ra3 Qd7 12. h4 Nc6 13. Re1 Rfd8 14. d5 Nb4 15. Nd4
Bh3 16. Be3 Ng4 17. Na2 Nxe3 18. fxe3 1/2-1/2

[Event "AUTO-OPEN-3975"]
[Site "http://www.queenalice.com/game.php?id=1558210"]
[Date "2019.1.27"]
[Round "2"]
[White "mennecy91"]
[Black "dnptrs"]
[Result "1-0"]
[WhiteElo "2181"]
[BlackElo "2272"]

1. c4 e5 2. Nc3 d6 3. g3 Nf6 4. Bg2 Be7 5. d3 O-O 6. e4 b6 7. Nge2 c5 8. h3 Nc6
9. Be3 Nd4 10. O-O Ne8 11. f4 f5 12. exf5 Nxf5 13. Bf2 Rb8 14. Bd5+ Kh8 15. fxe5
Bg5 16. g4 Nh4 17. Bxh4 1-0

[Event "AUTO-OPEN-3968"]
[Site "http://www.queenalice.com/game.php?id=1562170"]
[Date "2019.2.24"]
[Round "3"]
[White "Bruscato"]
[Black "dnptrs"]
[Result "1-0"]
[WhiteElo "2330"]
[BlackElo "2257"]

1. e4 c5 2. Nf3 e6 3. d4 cxd4 4. Nxd4 Nf6 5. Nc3 d6 6. Be3 Be7 7. Bc4 O-O 8. Bb3
Nc6 9. Nxc6 bxc6 10. O-O Qc7 11. f4 d5 12. e5 Ne8 13. Ne2 f6 14. c4 g6 15. cxd5
cxd5 16. Rc1 Qa5 17. exf6 Bxf6 18. Bd4 Ba6 19. Bxf6 Rxf6 20. g3 Nd6 21. Re1 Bc4
22. Bxc4 Nxc4 23. b3 Nd6 24. Qd4 Qb6 25. Qxb6 axb6 26. Rc6 Ne4 27. a4 Rb8 28.
Nd4 Nc5 29. a5 Nd7 30. Rd6 Nc5 31. axb6 Rf7 32. Rc1 Nd7 33. Rcc6 e5 34. Ne6 exf4
35. gxf4 Nf8 36. Rd8 Rfb7 37. Rcc8 Rxc8 38. Rxc8 1-0

[Event "AUTO-OPEN-3968"]
[Site "http://www.queenalice.com/game.php?id=1562171"]
[Date "2019.2.24"]
[Round "3"]
[White "dnptrs"]
[Black "Bruscato"]
[Result "0-1"]
[WhiteElo "2236"]
[BlackElo "2356"]

1. d4 c5 2. e3 d5 3. c4 cxd4 4. exd4 dxc4 5. Bxc4 Nc6 6. Ne2 e6 7. O-O Nf6 8.
Nbc3 Bd6 9. Bg5 h6 10. Be3 Bxh2+ 11. Kxh2 Ng4+ 12. Kg1 Qh4 13. Re1 Qh2+ 14. Kf1
Qh1+ 15. Ng1 Nh2+ 16. Ke2 Qxg2 17. Kd2 O-O 18. Kc2 Qg6+ 19. Kc1 Rd8 20. Bd3 f5
21. Qa4 Qf6 22. Nce2 Bd7 23. Qa3 a5 24. Kd2 Nb4 25. Rac1 Bc6 26. Rc5 Ng4 27.
Rxa5 Rxa5 28. Qxa5 Nxd3 29. Kxd3 e5 30. Kc2 Be4+ 31. Kd1 f4 32. Nc3 exd4 33.
Nxe4 dxe3+ 34. Kc1 Rc8+ 35. Kb1 Qg6 36. Qd5+ Kh7 37. f3 Nf2 38. a4 Re8 0-1

[Event "AUTO-OPEN-3967"]
[Site "http://www.queenalice.com/game.php?id=1567425"]
[Date "2019.4.12"]
[Round "2"]
[White "RamonSalves"]
[Black "dnptrs"]
[Result "0-1"]
[WhiteElo "1921"]
[BlackElo "2220"]

1. e4 c5 2. c4 g6 3. Nc3 Bg7 4. Nf3 Nc6 5. Be2 Nd4 6. O-O Nxe2+ 7. Qxe2 d6 8.
Nd5 e6 9. Nc3 Ne7 10. a3 O-O 11. d3 Nc6 12. Bd2 Nd4 13. Nxd4 cxd4 14. Nd1 b6 15.
b4 a6 16. f4 Bb7 17. Nf2 f5 18. Rac1 Qd7 19. Qd1 d5 20. cxd5 exd5 21. e5 Rfc8
22. Qb3 g5 23. Rfe1 Rxc1 24. Bxc1 gxf4 25. Bxf4 Rc8 26. e6 Qe7 27. Nh3 Rc3 28.
Bg5 Bf6 29. Bxf6 Qxf6 30. Qd1 Rc7 31. Qh5 Bc8 32. Qe8+ Qf8 33. Qh5 Qf6 34. Ng5
Re7 35. Rc1 Bxe6 36. Nxe6 Qxe6 37. Qg5+ Kf7 38. Rf1 Qe3+ 39. Qxe3 dxe3 40. Rxf5+
Ke6 41. Rf1 Ke5 42. Re1 Kd4 43. g3 Kxd3 44. Rd1+ Kc3 45. Re1 d4 46. Kg2 d3 47.
Kf3 d2 48. Rxe3+ Rxe3+ 49. Kxe3 d1=Q 50. Kf4 Qd5 51. h4 Kd4 52. g4 Qe5+ 53. Kf3
Qe3+ 54. Kg2 Ke4 55. a4 Kf4 56. g5 Qg3+ 57. Kf1 Kf3 0-1

[Event "AUTO-OPEN-3967"]
[Site "http://www.queenalice.com/game.php?id=1567426"]
[Date "2019.4.12"]
[Round "2"]
[White "dnptrs"]
[Black "RamonSalves"]
[Result "0-1"]
[WhiteElo "2242"]
[BlackElo "1906"]

1. d4 d5 2. Nf3 Nf6 3. g3 Bg4 4. Bg2 Nc6 5. O-O e6 6. Ne5 Nxe5 7. dxe5 Nd7 8. f3
Bf5 9. f4 f6 10. exf6 Nxf6 11. Nd2 Bc5+ 12. e3 O-O 13. Nb3 Bb6 14. Nd4 Ng4 15.
Nxf5 exf5 16. Qxd5+ Kh8 17. Re1 Qf6 18. Qb3 Qh6 19. h4 Qd6 20. Bf3 Qg6 21. Bxg4
Qxg4 22. Kg2 Rf6 23. e4 Re8 24. e5 Rg6 25. Kh2 h6 26. Re2 Qxe2+ 0-1

[Event "AUTO-OPEN-3965"]
[Site "http://www.queenalice.com/game.php?id=1577221"]
[Date "2019.7.13"]
[Round "2"]
[White "dnptrs"]
[Black "josebaron"]
[Result "1-0"]
[WhiteElo "2223"]
[BlackElo "2033"]

1. d4 d5 2. Nf3 Nf6 3. g3 e6 4. Bg2 Be7 5. O-O O-O 6. b3 c5 7. Bb2 cxd4 8. Nxd4
Nc6 9. Nxc6 bxc6 10. Nd2 a5 11. c3 h6 12. Qc2 Bb7 13. e4 dxe4 14. Nxe4 Nxe4 15.
Bxe4 Bf6 16. Ba3 Re8 17. Bc5 Qc8 18. Rad1 Rd8 19. Rd3 Rxd3 20. Bxd3 Ba6 21. Rd1
Bxd3 22. Qxd3 Qe8 23. Bd4 Rd8 24. Qf3 Bxd4 25. Rxd4 Rxd4 26. cxd4 Qd7 27. Qc3
Qd5 28. f3 h5 29. Kf2 g5 30. h3 f5 31. Qc5 Qxc5 32. dxc5 Kf7 33. f4 gxf4 34.
gxf4 Kf6 35. Ke3 e5 36. fxe5+ Kxe5 37. h4 f4+ 38. Kf2 Kd5 39. Kf3 Kxc5 40. Kxf4
Kb4 41. Kg5 Ka3 42. Kxh5 Kxa2 43. Kg4 Kxb3 44. h5 a4 45. h6 a3 46. h7 a2 47.
h8=Q c5 48. Kf3 c4 49. Qa1 c3 50. Ke2 1-0

[Event "AUTO-OPEN-3965"]
[Site "http://www.queenalice.com/game.php?id=1577222"]
[Date "2019.7.13"]
[Round "2"]
[White "josebaron"]
[Black "dnptrs"]
[Result "0-1"]
[WhiteElo "2025"]
[BlackElo "2229"]

1. e4 c5 2. Bc4 e6 3. Nc3 Nc6 4. Nf3 Qb6 5. O-O a6 6. a3 Nf6 7. d3 Qc7 8. h3 Be7
9. Re1 O-O 10. e5 Ne8 11. Ba2 f6 12. exf6 Nxf6 13. d4 cxd4 14. Nxd4 Nxd4 15.
Qxd4 b6 16. Bf4 Qc6 17. Be3 Bb7 18. f3 b5 19. Bf2 Rac8 20. Qb6 Qxb6 21. Bxb6
Bc5+ 22. Bxc5 Rxc5 23. Rad1 Rfc8 24. Rd6 R5c6 25. Rxc6 Rxc6 26. Re5 Kf7 27. Kf2
d5 28. h4 Rb6 29. g4 b4 30. Na4 Rb5 31. axb4 Rxb4 32. Bb3 Rxg4 33. Nc5 Bc8 34.
fxg4 Nxg4+ 35. Kg3 Nxe5 36. h5 Kf6 37. Kf4 Nd7 38. Nxd7+ Bxd7 39. c4 e5+ 40. Ke3
d4+ 41. Kd3 Bf5+ 42. Kd2 e4 43. c5 Bg4 44. c6 Ke7 45. Bc4 e3+ 46. Ke1 Bxh5 47.
Bxa6 Kd6 48. Bb5 Bf3 49. b4 Kc7 50. Bd3 Kxc6 51. Bxh7 Kb5 0-1

[Event "AUTO-OPEN-3965"]
[Site "http://www.queenalice.com/game.php?id=1589979"]
[Date "2019.11.13"]
[Round "3"]
[White "jandamian"]
[Black "dnptrs"]
[Result "1-0"]
[WhiteElo "2767"]
[BlackElo "2237"]

1. e4 c5 2. Nf3 e6 3. d4 cxd4 4. Nxd4 Nf6 5. Nc3 d6 6. Be2 Be7 7. Be3 Nc6 8. O-O
O-O 9. f4 a6 10. Qd2 Qc7 11. Rad1 Nxd4 12. Bxd4 b5 13. a3 Rb8 14. Kh1 Bb7 15. e5
Nd5 16. Bf3 Nxc3 17. Bxc3 d5 18. Ba5 Qc8 19. c3 Bd8 20. Bb4 Re8 21. Qf2 a5 22.
Bd6 Bc7 23. f5 exf5 24. Bxd5 Bxd5 25. Rxd5 Bxd6 26. exd6 Qe6 27. Qxf5 Qxf5 28.
Rdxf5 Rb7 29. b3 f6 30. c4 bxc4 31. bxc4 Rb2 32. Rxa5 1-0

[Event "AUTO-OPEN-3965"]
[Site "http://www.queenalice.com/game.php?id=1589980"]
[Date "2019.11.13"]
[Round "3"]
[White "dnptrs"]
[Black "jandamian"]
[Result "0-1"]
[WhiteElo "2238"]
[BlackElo "2766"]

1. d4 Nf6 2. Nf3 g6 3. g3 c5 4. Bg2 cxd4 5. Nxd4 d5 6. O-O Bg7 7. c4 O-O 8. cxd5
Nxd5 9. Nc3 Nb6 10. Be3 Nc4 11. Ndb5 Nxe3 12. Qxd8 Rxd8 13. fxe3 Nc6 14. Rfd1
Rd7 15. Rac1 Bh6 16. Nd5 Rxd5 17. Bxd5 Bxe3+ 18. Kg2 Bxc1 19. Rxc1 Bd7 20. Rd1
Rd8 21. Bb3 a6 22. Nc3 Ne5 23. Ba4 Bc6+ 24. Kf1 Rxd1+ 25. Bxd1 a5 26. e4 Nc4 27.
b3 Nd2+ 28. Ke2 Nxe4 29. Nxe4 Bxe4 30. Ke3 Bc6 0-1

[Event "AUTO-OPEN-3967"]
[Site "http://www.queenalice.com/game.php?id=1591441"]
[Date "2019.11.28"]
[Round "3"]
[White "josebaron"]
[Black "dnptrs"]
[Result "0-1"]
[WhiteElo "2095"]
[BlackElo "2230"]

1. e4 c5 2. Bc4 e6 3. Nc3 Nc6 4. Nf3 Qc7 5. O-O Nf6 6. d3 Na5 7. Bb3 d6 8. Nb5
Qb8 9. c4 Be7 10. a4 Nc6 11. Nc3 O-O 12. h3 Nd4 13. Nxd4 cxd4 14. Ne2 e5 15. Bg5
Qc7 16. Bh4 Bd7 17. f4 a6 18. fxe5 dxe5 19. Bg3 Kh8 20. Kh1 Nh5 21. Bh2 g6 22.
Nxd4 Rad8 23. Nf3 Bd6 24. Ng5 f6 25. Nf7+ Rxf7 26. c5 Rff8 27. cxd6 Qxd6 28. Qe2
Be8 29. Bc2 b5 30. b3 Bc6 31. axb5 Bxb5 32. Rad1 Qa3 33. Ra1 Qe7 34. Rad1 Ng7
35. Rf3 Rc8 36. Qf2 Ne6 37. Re3 Rc3 38. d4 Rxe3 39. Qxe3 Nxd4 40. Rxd4 exd4 41.
Qxd4 Rc8 42. e5 Rxc2 43. exf6 Rc1+ 44. Bg1 Qf7 45. Kh2 Qc7+ 46. Kh1 Kg8 47. Qd5+
Kf8 48. Qa8+ Qc8 49. Qa7 Bd7 50. Qe3 Be6 51. Qh6+ Ke8 52. Qxh7 Qc5 53. Qxg6+ Kd8
54. Qd3+ Bd5 55. Kh2 Qxg1+ 0-1

[Event "AUTO-OPEN-3967"]
[Site "http://www.queenalice.com/game.php?id=1591442"]
[Date "2019.11.28"]
[Round "3"]
[White "dnptrs"]
[Black "josebaron"]
[Result "1/2-1/2"]
[WhiteElo "2235"]
[BlackElo "2065"]

1. d4 d5 2. Nf3 Nf6 3. g3 e6 4. Bg2 Be7 5. O-O O-O 6. c4 dxc4 7. Qa4 c5 8. dxc5
Bxc5 9. Qxc4 Bb6 10. Nc3 Nc6 11. Bg5 h6 12. Rad1 Qe7 13. Bxf6 Qxf6 14. Qb3 Rd8
15. Ne4 Qe7 16. Rxd8+ Qxd8 17. Rd1 Qe7 18. Nd6 Bd7 19. Nc4 Rd8 20. Nfe5 Nxe5 21.
Nxe5 Bc8 22. Rxd8+ 1/2-1/2